000 01320cam a22002771ia4500
003 SA-RiAUC
005 20250209100503.0
008 250209s1991 su g 00000 ara c
040 _aSA-MaUQU
_bara
_cSA-RiAUC
_erda
082 0 4 _a258.3
090 _a258.3
_b ر ك ب
100 1 _aالركبي، محمد بن أحمد بن محمد،
_dتوفي حوالي 633 هجري
_eمؤلف.
245 1 2 _aكتاب النظم المستعذب في تفسير غريب ألفاظ المهذب /
_cتصنيف بطال بن أحمد بن سليمان بن بطال الركبي ؛ دراسة وتحقيق وتعليق مصطفى عبد الحفيظ سالم.
264 1 _aمكة المكرمة :
_bالمكتبة التجارية،
_c1991
300 _a2 مجلد ؛
_c28 سم
336 _aنص
_btxt
_2rdacontent
_3كتاب
337 _aبدون وسيط
_bn
_2rdamedia
338 _aمجلد
_bnc
_2rdacarrier
650 7 _aالفقه الشافعي
_2aucsh
650 7 _aالفقه الإسلامي
_xمذاهب
_2aucsh
700 1 _aسالم، مصطفى عبد الحفيظ
_eمحقق.
700 1 2 _aالشيرازي، إبراهيم بن علي بن يوسف،
_d393-476 هجري
740 2 2 _aالمهذب في فقه الإمام الشافعي.
942 _2ddc
_cBOOK
_n0
949 _aSA-JeALM
_d250209
_ueid123
_n1
999 _c5753
_d5753